LIBRARY & INFORMATION CENTRE, KCAET, TAVANUR

ONLINE PUBLIC ACCESS CATALOGUE (OPAC)

Fundamentals of electricity and magnetism / (Record no. 3142)

MARC details
000 -LEADER
fixed length control field 00424cam a2200169ua 4500
041 ## - LANGUAGE CODE
Language code of text/sound track or separate title eng
082 ## - DEWEY DECIMAL CLASSIFICATION NUMBER
Classification number 537
Item number ART/FU
100 ## - MAIN ENTRY--AUTHOR NAME
Personal name Arthar, F .
245 ## - TITLE STATEMENT
Title Fundamentals of electricity and magnetism /
260 ## - PUBLICATION, DISTRIBUTION, ETC. (IMPRINT)
Place of publication New York :
Name of publisher McGraw Hill Book Company ,
Year of publication 1963.
300 ## - PHYSICAL DESCRIPTION
Number of Pages 406 ; .
942 ## - ADDED ENTRY ELEMENTS (KOHA)
Koha item type Books
Holdings
Withdrawn status Lost status Damaged status Home library Current library Date acquired Full call number Accession Number Koha item type
      KAUAET KAUAET 07/04/2012 537 ART/FU 4872 Books
free website counter